| 000 | 00405nam a2200169Ia 4500 | ||
|---|---|---|---|
| 008 | 230524s9999 xx 000 0 und d | ||
| 020 | _a8121923980 | ||
| 082 | _bJOS | ||
| 100 |
_aP.H.Joshi _942723 |
||
| 245 | 0 | _aPress Tools : Design and Construction | |
| 250 | _a3 | ||
| 260 |
_aNew Delhi _bS.Chand _c2008 |
||
| 300 | _a400p; | ||
| 500 | _aQuantity Number: 1 | ||
| 650 | _aMechanics | ||
| 942 | _cBK | ||
| 999 |
_c57707 _d57707 |
||